[Event "Volme op-E"]
[Site "Schalksmuehle"]
[Date "2007.08.26"]
[Round "5"]
[White "Loehrke, Michael"]
[Black "Stremmel, Guenter"]
[Result "1-0"]
[WhiteElo "1691"]
[BlackElo "1648"]
[PlyCount "145"]
[EventDate "2007.08.24"]
[EventType "tourn"]
[EventRounds "5"]
[EventCountry "GER"]
[SourceTitle "EXT 2009"]
[Source "ChessBase"]
[SourceDate "2008.11.26"]
[SourceVersion "1"]
[SourceVersionDate "2008.11.26"]
[SourceQuality "1"]

1. c4 Nf6 2. Nc3 c6 3. Nf3 d5 4. cxd5 cxd5 5. d4 e6 6. Bf4 Be7 7. e3 Bd7 8. Ne5 0-0 9. Bd3 Bc6 10. 0-0 Nbd7 11. Rc1 Rc8 12. Qe2 a6 13. Rc2 b5 14. Nxc6 Rxc6 15. Nxd5 Rxc2 16. Nxe7+ Qxe7 17. Qxc2 h6 18. Qc6 Nb8 19. Bxb8 Rxb8 20. Qxa6 Qc7 21. Qa3 b4 22. Qb3 g6 23. Qc4 Qxc4 24. Bxc4 Ne4 25. Rc1 Rc8 26. Rc2 Kf8 27. Bd3 Rxc2 28. Bxc2 Nd6 29. Kf1 Nc4 30. Ke2 Ke7 31. Bb3 Na5 32. Kd3 Kd6 33. e4 g5 34. Bd1 Kc6 35. g3 f6 36. f4 Kd6 37. h4 gxh4 38. gxh4 Kc6 39. Ba4+ Kd6 40. a3 bxa3 41. bxa3 Nb7 42. Ke3 e5 43. dxe5+ fxe5 44. f5 Na5 45. Kd3 Nb7 46. Bb5 Kc5 47. Bc4 Nd6 48. Bd5 Ne8 49. Kc3 Nf6 50. Kb3 Kb5 51. Bc4+ Kc5 52. Bd3 Nd7 53. Ka4 Nf6 54. Ka5 Kd4 55. Bb1 Kc5 56. Ka6 Kc6 57. Ka7 Kc7 58. Bd3 Nd7 59. Bc4 Nf6 60. Bd3 Nd7 61. Bb1 Nf6 62. Bc2 Nd7 63. Ka6 Nf6 64. Kb5 Nd7 65. a4 Kb7 66. a5 Nf6 67. a6+ Kc7 68. a7 Kb7 69. a8Q+ Kxa8 70. Kc6 Kb8 71. Kd6 Ng4 72. Ke6 Kc8 73. f6 1-0

[Event "Niedersachsen-ch Seniors op 10th"]
[Site "Bad Bevensen"]
[Date "2007.07.03"]
[Round "1"]
[White "Stremmel, Guenter"]
[Black "Boehm, Siegfried"]
[Result "0-1"]
[WhiteElo "1648"]
[BlackElo "1935"]
[PlyCount "82"]
[EventDate "2007.07.03"]
[EventType "swiss"]
[EventRounds "9"]
[EventCountry "GER"]
[SourceTitle "EXT 2022"]
[Source "ChessBase"]
[SourceDate "2021.10.06"]
[SourceVersion "1"]
[SourceVersionDate "2021.10.06"]
[SourceQuality "1"]

1. e4 e6 2. d4 d5 3. Nd2 c5 4. exd5 exd5 5. Ngf3 cxd4 6. Nxd4 Be7 7. Bd3 Nf6 8. 0-0 0-0 9. N2f3 Bg4 10. h3 Bh5 11. Re1 Nbd7 12. Nf5 Bc5 13. Ng3 Bg6 14. Bxg6 hxg6 15. Be3 Re8 16. Bxc5 Rxe1+ 17. Qxe1 Nxc5 18. Rd1 Qb6 19. Qe3 Rc8 20. Qd4 Qa6 21. a3 Ne6 22. Qd2 Qc4 23. c3 Qc7 24. Ne2 Nc5 25. Qd4 Re8 26. Qf4 Qb6 27. b4 Rxe2 28. bxc5 Qxc5 29. Nd4 Re8 30. Qc1 Rc8 31. Ne2 Ne4 32. Qe3 Qxe3 33. fxe3 Nxc3 34. Nxc3 Rxc3 35. Rxd5 Rxe3 36. a4 Re7 37. Rd8+ Kh7 38. Rd5 f6 39. a5 b6 40. a6 Re1+ 41. Kh2 Ra1 0-1

[Event "Luedenscheid district-ch"]
[Site "Luedenscheid"]
[Date "2003.10.03"]
[Round "?"]
[White "Kelbling, Philipp"]
[Black "Stremmel, Guenter"]
[Result "1/2-1/2"]
[WhiteElo "1295"]
[BlackElo "1675"]
[PlyCount "65"]
[EventDate "2003.10.03"]
[EventType "swiss"]
[EventRounds "7"]
[EventCountry "GER"]
[SourceTitle "EXT 2007"]
[Source "ChessBase"]
[SourceDate "2006.11.23"]
[SourceVersion "1"]
[SourceVersionDate "2006.11.23"]
[SourceQuality "1"]

1. e4 c5 2. Nf3 Nf6 3. d4 cxd4 4. Nxd4 a6 5. Nc3 Nc6 6. Be2 e6 7. 0-0 e5 8. Nxc6 bxc6 9. Be3 Be7 10. Qd2 0-0 11. f3 d5 12. exd5 cxd5 13. Bf2 Rb8 14. Rab1 a5 15. Rfd1 Be6 16. a3 Qd7 17. Kh1 Qb7 18. Bg3 d4 19. Na4 Nd7 20. Ra1 f6 21. Bd3 Qc6 22. b3 Bd5 23. Rf1 Ra8 24. Nb2 Nb6 25. Qe2 Rfc8 26. Be1 a4 27. bxa4 Nc4 28. Nxc4 Bxc4 29. Bb4 Bd8 30. Qd2 Rxa4 31. Be4 Bd5 32. Bf5 Be6 33. Be4 1/2-1/2

[Event "Sauerland Bezirksklasse"]
[Site "Sauerland"]
[Date "2001.01.14"]
[Round "4"]
[White "Stremmel, Guenter"]
[Black "Mirus, Sven"]
[Result "1-0"]
[WhiteElo "1641"]
[BlackElo "1002"]
[PlyCount "77"]
[EventDate "2000.09.03"]
[EventType "team"]
[EventRounds "7"]
[EventCountry "GER"]
[SourceTitle "EXT 2007"]
[Source "ChessBase"]
[SourceDate "2006.11.23"]
[SourceVersion "1"]
[SourceVersionDate "2006.11.23"]
[SourceQuality "1"]
[WhiteTeam "Halver III"]
[BlackTeam "Werdohl"]
[WhiteTeamCountry "GER"]
[BlackTeamCountry "GER"]

1. e4 c6 2. d4 d5 3. e5 Bf5 4. Bd3 Bxd3 5. Qxd3 e6 6. Nf3 Nd7 7. a4 c5 8. c3 cxd4 9. cxd4 Bb4+ 10. Bd2 Bxd2+ 11. Nbxd2 Ne7 12. 0-0 h6 13. b4 0-0 14. Rfc1 a6 15. g3 f5 16. exf6 Rxf6 17. b5 a5 18. Rc2 Rc8 19. Rac1 Rxc2 20. Qxc2 Rf8 21. Kg2 b6 22. Re1 Rf6 23. Ne5 Nxe5 24. Rxe5 Qf8 25. Re2 Nf5 26. Qc3 Qd8 27. Nf3 Ne7 28. Ne5 Qc8 29. Rc2 Qb7 30. Qc7 Qxc7 31. Rxc7 Nf5 32. Nf3 Nd6 33. Rc6 Nc4 34. Ne5 Rf7 35. Nxf7 Kxf7 36. f4 Kf6 37. g4 g6 38. Kg3 g5 39. f5 1-0